[Event "ARG-ch U2300"]
[Site "Tacuari"]
[Date "2018.11.19"]
[Round "6"]
[White "Garnier, Rene Augusto"]
[Black "Perez, Mario Abel"]
[Result "1-0"]
[WhiteElo "2253"]
[BlackElo "2101"]
[PlyCount "97"]
[EventDate "2018.11.16"]
[EventType "swiss"]
[EventRounds "7"]
[EventCountry "ARG"]
[SourceTitle "EXT 2020"]
[Source "ChessBase"]
[SourceDate "2019.10.17"]
[SourceVersion "1"]
[SourceVersionDate "2019.10.17"]
[SourceQuality "1"]

1. Nf3 Nf6 2. c4 d6 3. d4 Nbd7 4. Nc3 e5 5. e4 Be7 6. Be2 c6 7. 0-0 0-0 8. h3 Qe8 9. Re1 Bd8 10. Bf1 Qe7 11. Qc2 Re8 12. d5 Nf8 13. Bd2 Ng6 14. g3 Rf8 15. Bg2 Nh5 16. dxc6 bxc6 17. c5 dxc5 18. Na4 Bb6 19. Be3 Nf6 20. Nd2 Rd8 21. Nb3 c4 22. Nbc5 Nf8 23. Qxc4 Rb8 24. b4 Ne6 25. Rad1 Bc7 26. a3 a5 27. Kh2 h6 28. Bf3 Ng5 29. Bg2 axb4 30. axb4 Ne6 31. Bf3 Ng5 32. Bg2 Ne6 33. Bf3 Ng5 34. Bxg5 hxg5 35. Rxd8+ Bxd8 36. Be2 Ne8 37. Rd1 Bc7 38. Nd3 Nd6 39. Qxc6 Bb7 40. Qc5 Bxe4 41. Nc3 Bb6 42. Qxe5 Qxe5 43. Nxe5 Bc7 44. Nxe4 Nxe4 45. Nxf7 Nxf2 46. Rd7 Rc8 47. Nxg5 Bd8 48. Bc4+ Kf8 49. Rf7+ 1-0

[Event "Villa Martelli op-B 21st"]
[Site "Villa Martelli"]
[Date "2014.11.16"]
[Round "9"]
[White "Perez, Mario Abel"]
[Black "Carraro, Denise"]
[Result "1-0"]
[WhiteElo "2084"]
[BlackElo "2068"]
[PlyCount "53"]
[EventDate "2014.11.07"]
[EventType "swiss"]
[EventRounds "9"]
[EventCountry "ARG"]
[SourceTitle "EXT 2016"]
[Source "ChessBase"]
[SourceDate "2015.10.08"]
[SourceVersion "1"]
[SourceVersionDate "2015.10.08"]
[SourceQuality "1"]

1. d4 Nf6 2. Nf3 e6 3. Bg5 h6 4. Bf4 b6 5. e3 Bb7 6. Nbd2 c5 7. c3 Nc6 8. Bd3 Be7 9. h3 0-0 10. g4 cxd4 11. exd4 Nd5 12. Bg3 Rc8 13. h4 f5 14. gxf5 exf5 15. Rg1 f4 16. Bh2 Bxh4 17. Qe2 Re8 18. Ne5 Nxe5 19. dxe5 Qe7 20. Nf3 d6 21. Qe4 Nf6 22. Qxf4 Bxf3 23. Qxh4 dxe5 24. Bf5 Rc5 25. Qxh6 e4 26. Be6+ Qf7 27. Qxg7# 1-0

[Event "Villa Martelli op-B 21st"]
[Site "Villa Martelli"]
[Date "2014.11.08"]
[Round "2"]
[White "Bulcourf, Carlos"]
[Black "Perez, Mario Abel"]
[Result "0-1"]
[WhiteElo "2017"]
[BlackElo "2084"]
[PlyCount "106"]
[EventDate "2014.11.07"]
[EventType "swiss"]
[EventRounds "9"]
[EventCountry "ARG"]
[SourceTitle "CBM 163 Extra"]
[Source "ChessBase"]
[SourceDate "2014.12.23"]
[SourceVersion "1"]
[SourceVersionDate "2014.12.23"]
[SourceQuality "1"]

1. b4 d5 2. Nf3 Nf6 3. Bb2 e6 4. c4 c5 5. b5 Bd6 6. Bxf6 Qxf6 7. Nc3 d4 8. Ne4 Qe7 9. Nxd6+ Qxd6 10. g3 e5 11. d3 0-0 12. Bg2 Nd7 13. 0-0 f5 14. a4 Nf6 15. a5 e4 16. Nd2 Qe5 17. Kh1 Bd7 18. a6 b6 19. f4 Qe7 20. h3 Rae8 21. Re1 Qd6 22. Nf1 Re7 23. Kh2 Rfe8 24. e3 exd3 25. Qxd3 Qc7 26. Red1 Rxe3 27. Nxe3 Rxe3 28. Qf1 Ne4 29. Re1 Nxg3 30. Qf2 Ne4 31. Qh4 g5 32. Qh6 Qxf4+ 33. Kh1 Ng3+ 34. Kg1 Ne4 35. Rf1 Qg3 36. Ra2 f4 37. Qh5 Bxh3 38. Qxh3 Qxh3 39. Bxh3 Rxh3 40. Re1 Re3 41. Rf1 Kg7 42. Rg2 Kf6 43. Rd1 h5 44. Rc2 Ke5 45. Kf1 h4 46. Rg2 h3 47. Rg4 Kf5 48. Rg1 h2 49. Rh1 Ng3+ 50. Kf2 Nxh1+ 51. Rxh1 g4 52. Rd1 g3+ 53. Kg2 Kg4 0-1

[Event "Villa Martelli Rubinstein op"]
[Site "Villa Martelli"]
[Date "2011.08.07"]
[Round "7"]
[White "Gallego, Ignacio"]
[Black "Perez, Mario Abel"]
[Result "1/2-1/2"]
[WhiteElo "2040"]
[BlackElo "2090"]
[PlyCount "37"]
[EventDate "2011.08.01"]
[EventType "swiss"]
[EventRounds "9"]
[EventCountry "ARG"]
[SourceTitle "EXT 2012"]
[Source "ChessBase"]
[SourceDate "2011.11.24"]
[SourceVersion "1"]
[SourceVersionDate "2011.11.24"]
[SourceQuality "1"]

1. e4 c5 2. Nf3 e6 3. d3 a6 4. g3 Nc6 5. Bg2 g6 6. d4 cxd4 7. Nxd4 Bg7 8. Nxc6 bxc6 9. Qd6 Qe7 10. Qc7 Qb4+ 11. c3 Qb8 12. Qa5 Qb5 13. Qxb5 axb5 14. Nd2 Ne7 15. f4 d6 16. Nb3 e5 17. Be3 b4 18. fxe5 Bxe5 19. Bd4 1/2-1/2

[Event "Villa Martelli Rubinstein op"]
[Site "Villa Martelli"]
[Date "2011.08.03"]
[Round "3"]
[White "Paveto, Kevin"]
[Black "Perez, Mario Abel"]
[Result "1-0"]
[WhiteElo "2189"]
[BlackElo "2090"]
[PlyCount "63"]
[EventDate "2011.08.01"]
[EventType "swiss"]
[EventRounds "9"]
[EventCountry "ARG"]
[SourceTitle "EXT 2012"]
[Source "ChessBase"]
[SourceDate "2011.11.24"]
[SourceVersion "1"]
[SourceVersionDate "2011.11.24"]
[SourceQuality "1"]

1. e4 c5 2. Nf3 a6 3. d4 cxd4 4. Nxd4 Nf6 5. Nc3 Qc7 6. Be2 e6 7. 0-0 Nc6 8. Nb3 b5 9. a3 Bb7 10. f4 d6 11. Be3 Be7 12. Bd3 h5 13. h3 Nd7 14. Qf3 Rc8 15. Qg3 Nf6 16. Rae1 h4 17. Qf2 Nh5 18. e5 Ng3 19. Bb6 Qd7 20. exd6 Bxd6 21. f5 e5 22. f6 g6 23. Bxg6 Rg8 24. Qxg3 hxg3 25. Bf5 Qc7 26. Bxc7 Bxc7 27. Nd5 Bb8 28. Bxc8 Ba7+ 29. Kh1 Bxc8 30. Ne7 Nxe7 31. Rxe5 Be6 32. Rxe6 1-0

[Event "Villa Martelli Rubinstein op"]
[Site "Villa Martelli"]
[Date "2011.08.01"]
[Round "1"]
[White "Perez, Mario Abel"]
[Black "Casas, Fernando"]
[Result "1-0"]
[WhiteElo "2090"]
[BlackElo "1647"]
[PlyCount "39"]
[EventDate "2011.08.01"]
[EventType "swiss"]
[EventRounds "9"]
[EventCountry "ARG"]
[SourceTitle "EXT 2012"]
[Source "ChessBase"]
[SourceDate "2011.11.24"]
[SourceVersion "1"]
[SourceVersionDate "2011.11.24"]
[SourceQuality "1"]

1. d4 d5 2. Nf3 e6 3. Bg5 Nf6 4. e3 Be7 5. Nbd2 Nbd7 6. Bd3 0-0 7. h4 h6 8. Bf4 c5 9. c3 Qb6 10. Qc2 Bd6 11. Ne5 Qc7 12. Ndf3 a6 13. g4 Ne8 14. g5 h5 15. Bh7+ Kh8 16. g6 Bxe5 17. Nxe5 Nxe5 18. Bxe5 Qd7 19. Qe2 f6 20. Qxh5 1-0

[Event "Villa Martelli Pro Am op 16th"]
[Site "Villa Martelli"]
[Date "2009.10.15"]
[Round "1"]
[White "Perez, Mario Abel"]
[Black "Pak, Eduardo"]
[Result "1-0"]
[WhiteElo "2107"]
[BlackElo "1630"]
[PlyCount "59"]
[EventDate "2009.10.15"]
[EventType "swiss"]
[EventRounds "9"]
[EventCountry "ARG"]
[SourceTitle "CBM 132 Extra"]
[Source "ChessBase"]
[SourceDate "2009.11.03"]
[SourceVersion "1"]
[SourceVersionDate "2009.11.03"]
[SourceQuality "1"]

1. d4 d5 2. Nf3 Nf6 3. Bg5 e6 4. e3 Be7 5. Bd3 h6 6. Bf4 Bd6 7. Ne5 Nbd7 8. Nd2 0-0 9. g4 Nh7 10. h4 Bxe5 11. dxe5 f6 12. exf6 Nhxf6 13. g5 e5 14. Bg3 e4 15. Be2 Ne8 16. gxh6 g6 17. Nb3 Ndf6 18. Qd4 Qe7 19. 0-0-0 c6 20. Rdg1 Bf5 21. Bf4 Kh7 22. Rg5 Nc7 23. Bxc7 Qxc7 24. Rhg1 Qe7 25. Rxf5 gxf5 26. Rg7+ Qxg7 27. hxg7 Kxg7 28. Nc5 Rf7 29. Qe5 Re8 30. Qxf5 1-0

[Event "Vicente Lopez Rubinstein op"]
[Site "Vicente Lopez"]
[Date "2009.08.11"]
[Round "7"]
[White "Perez, Mario Abel"]
[Black "Doval, Oscar"]
[Result "1-0"]
[WhiteElo "2095"]
[BlackElo "1829"]
[PlyCount "32"]
[EventDate "2009.08.04"]
[EventType "swiss"]
[EventRounds "9"]
[EventCountry "ARG"]
[SourceTitle "EXT 2019"]
[Source "ChessBase"]
[SourceDate "2018.10.10"]
[SourceVersion "1"]
[SourceVersionDate "2018.10.10"]
[SourceQuality "1"]

1. d4 Nf6 2. Nf3 e6 3. Bg5 Be7 4. Nbd2 d5 5. e3 0-0 6. Bd3 Nbd7 7. h4 c5 8. c3 c4 9. Bc2 b5 10. a3 Bb7 11. Ne5 Nxe5 12. dxe5 Nd7 13. Nf3 f6 14. Nd4 Qb6 15. Qh5 Nxe5 16. Bxh7+ Kh8 1-0

[Event "ARG-chT"]
[Site "Villa Martelli"]
[Date "2008.09.27"]
[Round "8"]
[White "Gimenez, Dante"]
[Black "Perez, Mario Abel"]
[Result "0-1"]
[WhiteElo "2098"]
[BlackElo "2080"]
[PlyCount "92"]
[EventDate "2008.08.09"]
[EventType "team-tourn"]
[EventRounds "9"]
[EventCountry "ARG"]
[SourceTitle "EXT 2009"]
[Source "ChessBase"]
[SourceDate "2008.11.26"]
[SourceVersion "1"]
[SourceVersionDate "2008.11.26"]
[SourceQuality "1"]

1. d4 Nf6 2. c4 e6 3. Nc3 Bb4 4. e3 d5 5. Nge2 0-0 6. a3 Be7 7. Nf4 Nbd7 8. cxd5 Nb6 9. dxe6 fxe6 10. Bd3 c6 11. 0-0 Bd6 12. Nce2 Qc7 13. e4 e5 14. Qb3+ Kh8 15. Ne6 Bxe6 16. Qxe6 exd4 17. Qh3 c5 18. b3 Rae8 19. Ng3 Bf4 20. Qh4 g5 21. Bxf4 Qxf4 22. Qxf4 gxf4 23. Nf5 Nxe4 24. Bxe4 Rxe4 25. Nd6 Re7 26. Rfe1 Rd7 27. Re6 Nd5 28. Ne4 b6 29. Rd1 Re7 30. Rxe7 Nxe7 31. Rd3 Ng6 32. Kf1 Rc8 33. Nd6 Rc6 34. Nf5 Re6 35. h3 Rf6 36. g4 fxg3 37. Nxg3 Ne5 38. Rd2 Re6 39. Kg2 Ng6 40. Kf3 b5 41. Ne4 Rc6 42. Kg4 c4 43. Rxd4 c3 44. Rd8+ Kg7 45. Rd7+ Kg8 46. Nxc3 Ne5+ 0-1

[Event "Villa Martelli Pro Am op 14th"]
[Site "Villa Martelli"]
[Date "2007.10.13"]
[Round "4"]
[White "Perez, Mario Abel"]
[Black "Lalanne, Pablo"]
[Result "0-1"]
[WhiteElo "2015"]
[BlackElo "2219"]
[PlyCount "90"]
[EventDate "2007.10.18"]
[EventType "swiss"]
[EventRounds "9"]
[EventCountry "ARG"]
[SourceTitle "EXT 2008"]
[Source "ChessBase"]
[SourceDate "2007.11.25"]
[SourceVersion "1"]
[SourceVersionDate "2007.11.25"]
[SourceQuality "1"]

1. d4 Nf6 2. Nf3 e6 3. Bg5 h6 4. Bh4 c5 5. c3 cxd4 6. Nxd4 d5 7. e3 Nc6 8. Bb5 Bd7 9. 0-0 Be7 10. Nd2 a6 11. Bd3 Ne5 12. Bc2 0-0 13. e4 Nc6 14. Re1 Nxd4 15. cxd4 dxe4 16. Nxe4 Bc6 17. Nc3 Qd7 18. Qd3 g6 19. Rad1 Nd5 20. Bxe7 Qxe7 21. Qg3 Qf6 22. Bb3 Rfd8 23. f3 Kg7 24. Ne2 Rd7 25. Qe5 Rad8 26. Ng3 Nf4 27. Ne4 Bxe4 28. Qxf6+ Kxf6 29. Rxe4 g5 30. g3 Ng6 31. Kf2 Ne7 32. f4 Nf5 33. d5 exd5 34. Re5 d4 35. Kf3 d3 36. Kg4 h5+ 37. Kxh5 gxf4 38. gxf4 Rg8 39. Bc4 d2 40. Bb3 Rg2 41. Bd5 Rxh2+ 42. Kg4 Rxd5 43. Rxd5 Ne3+ 44. Kg3 Rg2+ 45. Kf3 Nxd5 0-1

[Event "Los Polvorines Materazzi Cup"]
[Site "Los Polvorines"]
[Date "2007.??.??"]
[Round "5"]
[White "Gonzalez, Jorge Argentino"]
[Black "Perez, Mario Abel"]
[Result "0-1"]
[WhiteElo "2155"]
[BlackElo "2015"]
[PlyCount "98"]
[EventDate "2007.02.??"]
[EventType "tourn"]
[EventRounds "7"]
[EventCountry "ARG"]
[SourceTitle "EXT 2010"]
[Source "ChessBase"]
[SourceDate "2010.11.25"]
[SourceVersion "1"]
[SourceVersionDate "2010.11.25"]
[SourceQuality "1"]

1. d4 Nf6 2. c4 e6 3. a3 b6 4. Nc3 Bb7 5. Nf3 d6 6. Bg5 Be7 7. Qc2 Nbd7 8. Rd1 h6 9. Bh4 Rc8 10. e4 0-0 11. Be2 Nh7 12. Bxe7 Qxe7 13. 0-0 c5 14. dxc5 Nxc5 15. b4 Nd7 16. Qd3 Ne5 17. Nxe5 dxe5 18. Qd7 Rc7 19. Qxe7 Rxe7 20. f3 Ba6 21. Rd2 Rc8 22. Rfd1 Nf8 23. b5 Bb7 24. Kf2 f6 25. Ke3 Kf7 26. Na4 Rec7 27. g3 Ke7 28. Bf1 g6 29. Be2 Nd7 30. Bf1 f5 31. h4 Nf6 32. exf5 gxf5 33. Nb2 e4 34. Bg2 Rg8 35. Kf2 Nh5 36. fxe4 Nxg3 37. Ke3 Bxe4 38. Rg1 Nh5 39. Bxe4 Rxg1 40. Bc6 Rg3+ 41. Kd4 Rg4+ 42. Kc3 Nf6 43. Rh2 Ne4+ 44. Kc2 Nc5 45. a4 e5 46. Bd5 e4 47. Nd1 Kf6 48. Ne3 Rg3 49. Kd2 Nb3+ 0-1

[Event "LNA Puma Cup"]
[Site "Argentina"]
[Date "2006.09.09"]
[Round "2"]
[White "Perez, Mario Abel"]
[Black "Mashal, Ruben"]
[Result "1-0"]
[WhiteElo "2007"]
[BlackElo "2041"]
[PlyCount "149"]
[EventDate "2006.09.03"]
[EventType "swiss"]
[EventRounds "8"]
[EventCountry "ARG"]
[SourceTitle "EXT 2008"]
[Source "ChessBase"]
[SourceDate "2007.11.25"]
[SourceVersion "1"]
[SourceVersionDate "2007.11.25"]
[SourceQuality "1"]

1. d4 Nf6 2. Nf3 c5 3. c3 d5 4. Bg5 e6 5. e3 Nc6 6. Bd3 Qc7 7. Nbd2 b6 8. Qc2 Bb7 9. 0-0 Be7 10. Ne5 Bd6 11. f4 Nd7 12. Qd1 Nf6 13. Rb1 0-0-0 14. Bb5 Kb8 15. Qa4 Rc8 16. Rfc1 Ne4 17. Nxe4 dxe4 18. b4 Bxe5 19. fxe5 c4 20. Bxc4 Nxe5 21. Bxe6 fxe6 22. Bf4 Qc4 23. Bxe5+ Ka8 24. Qb3 Bd5 25. Qxc4 Bxc4 26. Bxg7 Rhg8 27. Be5 b5 28. Ra1 Kb7 29. a4 a6 30. axb5 axb5 31. Ra5 Ra8 32. Rca1 Rgf8 33. Rxa8 Rxa8 34. Rxa8 Kxa8 35. h4 Kb7 36. Kf2 Kc6 37. g4 Kd7 38. Kg3 Ke7 39. Kf4 Be2 40. Kxe4 Bxg4 41. Kd3 Kd7 42. c4 Kc6 43. c5 h5 44. Ke4 Bf5+ 45. Kf4 Bg4 46. Bf6 Be2 47. Ke5 Bg4 48. Bg7 Bh3 49. Kf4 Bg4 50. Kg5 Be2 51. e4 Bf3 52. Be5 Bg4 53. Bd6 Bf3 54. Bf8 Bg4 55. Kf6 Bh3 56. d5+ exd5 57. e5 d4 58. e6 d3 59. Bh6 Kc7 60. Kf7 Kc6 61. e7 Bd7 62. e8Q Bxe8+ 63. Kxe8 Kc7 64. Kf7 Kd7 65. Kg6 d2 66. Bxd2 Ke6 67. Kxh5 Kf5 68. c6 Ke6 69. c7 Kd7 70. Bf4 Kc8 71. Kg6 Kd7 72. h5 Ke7 73. h6 Kf8 74. c8Q+ Ke7 75. Qc7+ 1-0

[Event "Villa Ballester LV op"]
[Site "Villa Ballester"]
[Date "2005.01.06"]
[Round "1"]
[White "Valerga, Diego"]
[Black "Perez, Mario Abel"]
[Result "1-0"]
[WhiteElo "2498"]
[BlackElo "1982"]
[PlyCount "83"]
[EventDate "2005.01.05"]
[EventType "swiss"]
[EventRounds "9"]
[EventCountry "ARG"]
[SourceTitle "CBM 104 Extra"]
[Source "ChessBase"]
[SourceDate "2005.03.01"]
[SourceVersion "1"]
[SourceVersionDate "2005.03.01"]
[SourceQuality "1"]

1. e4 c5 2. Nf3 e6 3. d4 cxd4 4. Nxd4 a6 5. Bd3 Qc7 6. 0-0 Nf6 7. c4 Bd6 8. h3 Bf4 9. Nc3 0-0 10. Qe2 Bxc1 11. Raxc1 d6 12. Rfd1 Nbd7 13. Nf3 Ne5 14. Nxe5 dxe5 15. Qe3 Rd8 16. c5 Bd7 17. b4 Be8 18. Bc2 Rxd1+ 19. Rxd1 Rd8 20. Rd3 Rxd3 21. Qxd3 Qd7 22. Qxd7 Bxd7 23. Kf1 Kf8 24. Ke2 Ke7 25. Kd3 Ne8 26. Kc4 Nc7 27. a4 f5 28. b5 axb5+ 29. axb5 g5 30. Kb4 Kd8 31. Ka5 Kc8 32. Kb6 Na8+ 33. Ka7 Nc7 34. c6 Nxb5+ 35. Nxb5 Bxc6 36. Kb6 Kd7 37. Na7 Bxe4 38. Bxe4 fxe4 39. Nb5 h5 40. g4 hxg4 41. hxg4 Ke7 42. Kxb7 1-0

[Event "ARG-ch 79th"]
[Site "Buenos Aires"]
[Date "2004.09.25"]
[Round "2"]
[White "Anelli, Antonio"]
[Black "Perez, Mario Abel"]
[Result "1/2-1/2"]
[WhiteElo "2330"]
[BlackElo "1982"]
[PlyCount "118"]
[EventDate "2004.09.24"]
[EventType "swiss"]
[EventRounds "9"]
[EventCountry "ARG"]
[SourceTitle "CBM 102 Extra"]
[Source "ChessBase"]
[SourceDate "2004.11.03"]
[SourceVersion "1"]
[SourceVersionDate "2004.11.03"]
[SourceQuality "1"]

1. c4 Nf6 2. Nc3 c5 3. Nf3 Nc6 4. g3 g6 5. Bg2 Bg7 6. 0-0 0-0 7. d4 cxd4 8. Nxd4 a6 9. Nc2 d6 10. b3 Qa5 11. Qd2 Ng4 12. Bb2 Qh5 13. h3 Nh6 14. Kh2 Ng4+ 15. Kg1 Nh6 16. h4 Ng4 17. Ne3 Nxe3 18. Qxe3 Bd4 19. Qd2 Bg7 20. Nd5 Bg4 21. Rfe1 h6 22. Rad1 Rad8 23. Bxg7 Kxg7 24. Ne3 Be6 25. Qb2+ f6 26. Nd5 g5 27. hxg5 hxg5 28. Bf3 Bg4 29. Bxg4 Qxg4 30. Kg2 e6 31. f3 Qf5 32. Ne3 Qc5 33. Ng4 Ne5 34. Nf2 Qe3 35. Qd4 Qxd4 36. Rxd4 Nc6 37. Rd2 d5 38. cxd5 exd5 39. Red1 Rfe8 40. Kf1 d4 41. g4 Kg6 42. Ne4 f5 43. gxf5+ Kxf5 44. Kf2 g4 45. Rh1 Rh8 46. Nd6+ Kf4 47. Rxh8 g3+ 48. Kg1 Rxh8 49. Nxb7 Ke3 50. Rc2 Nb4 51. Rc4 Kxe2 52. Rxb4 d3 53. Kg2 d2 54. Re4+ Kd3 55. Nc5+ Kc3 56. Rc4+ Kb2 57. Rd4 Kc1 58. Rc4+ Kb1 59. Rd4 Kc2 1/2-1/2

[Event "Buenos Aires-chT Intercoop 30th"]
[Site "Buenos Aires"]
[Date "2004.09.11"]
[Round "4"]
[White "Bulcourf, Carlos"]
[Black "Perez, Mario Abel"]
[Result "1-0"]
[WhiteElo "2274"]
[BlackElo "1982"]
[PlyCount "93"]
[EventDate "2004.08.21"]
[EventType "team"]
[EventRounds "7"]
[EventCountry "ARG"]
[SourceTitle "CBM 102 Extra"]
[Source "ChessBase"]
[SourceDate "2004.11.03"]
[SourceVersion "1"]
[SourceVersionDate "2004.11.03"]
[SourceQuality "1"]

1. Nf3 c5 2. c3 d5 3. d4 cxd4 4. cxd4 Nc6 5. Nc3 Nf6 6. Bf4 Ne4 7. Qb3 e6 8. e3 Bb4 9. Bd3 Qa5 10. Rc1 f5 11. 0-0 0-0 12. Nb5 Qd8 13. Nc7 Rb8 14. Na6 Bd6 15. Nxb8 Nxb8 16. Bxd6 Qxd6 17. Bxe4 fxe4 18. Ne5 Nc6 19. Qc3 Bd7 20. Qc5 Qxc5 21. Rxc5 Nxe5 22. dxe5 Bc6 23. f4 d4 24. exd4 e3 25. g3 Rd8 26. Rd1 Bf3 27. Re1 Rxd4 28. Rxe3 Bc6 29. Kf2 Rd2+ 30. Re2 Rd3 31. Rc3 Rd1 32. Ke3 Kf7 33. Rd2 Re1+ 34. Kd4 Ke7 35. Kc5 h5 36. b4 a6 37. h4 g6 38. Kb6 Re4 39. a3 Ke8 40. Rd6 Ke7 41. Rdxc6 bxc6 42. Kxc6 g5 43. hxg5 h4 44. gxh4 Rxf4 45. Kb6 Rxh4 46. Kxa6 Rg4 47. b5 1-0

[Event "Buenos Aires-chT Intercoop 30th"]
[Site "Buenos Aires"]
[Date "2004.08.21"]
[Round "1"]
[White "Perez, Mario Abel"]
[Black "Grynszpan, Mariano"]
[Result "0-1"]
[WhiteElo "1982"]
[BlackElo "2390"]
[PlyCount "76"]
[EventDate "2004.08.21"]
[EventType "team"]
[EventRounds "7"]
[EventCountry "ARG"]
[SourceTitle "CBM 102 Extra"]
[Source "ChessBase"]
[SourceDate "2004.11.03"]
[SourceVersion "1"]
[SourceVersionDate "2004.11.03"]
[SourceQuality "1"]

1. d4 e6 2. c4 f5 3. Nc3 Nf6 4. Bg5 Bb4 5. Nf3 b6 6. e3 Bb7 7. Bd3 h6 8. Bf4 Bxc3+ 9. bxc3 d6 10. Qb3 Qe7 11. c5 0-0 12. cxd6 cxd6 13. Qa3 Ne8 14. Ne5 g5 15. Bg3 Qd8 16. Bc4 f4 17. exf4 gxf4 18. Ng6 fxg3 19. Nxf8 gxf2+ 20. Kxf2 Qh4+ 21. Kg1 Kxf8 22. Rf1+ Ke7 23. Qb2 Nf6 24. Qe2 Qe4 25. Qf2 Qg6 26. Re1 Be4 27. h4 Nbd7 28. Rh3 Rg8 29. Rhe3 d5 30. Be2 Ng4 31. Bxg4 Qxg4 32. R1e2 Nf6 33. Qe1 Nh5 34. c4 Nf4 35. Qb4+ Kf7 36. cxd5 Nxe2+ 37. Rxe2 Qxe2 38. dxe6+ Kf6 0-1

[Event "Escobar op g75' 2nd"]
[Site "Escobar"]
[Date "2004.02.??"]
[Round "4.11"]
[White "Perez, Mario Abel"]
[Black "Chtcherbine, Andrei"]
[Result "1/2-1/2"]
[WhiteElo "1947"]
[BlackElo "2198"]
[PlyCount "76"]
[EventDate "2004.02.06"]
[EventType "swiss (rapid)"]
[EventRounds "7"]
[EventCountry "ARG"]
[SourceTitle "CBM 098 Extra"]
[Source "ChessBase"]
[SourceDate "2004.03.10"]
[SourceVersion "2"]
[SourceVersionDate "2004.03.10"]
[SourceQuality "1"]

1. d4 Nf6 2. c4 g6 3. Nc3 d5 4. cxd5 Nxd5 5. g3 Bg7 6. Bg2 Nxc3 7. bxc3 c5 8. e3 0-0 9. Ne2 cxd4 10. cxd4 Nc6 11. 0-0 Bg4 12. h3 Be6 13. Rb1 Bd5 14. e4 Bxa2 15. Rxb7 Nxd4 16. Nxd4 Qxd4 17. Be3 Qxd1 18. Rxd1 a5 19. Rxe7 Bc3 20. e5 Ra6 21. Bh6 Rb8 22. Red7 Re6 23. Bc6 Ree8 24. R7d3 Bb3 25. Rb1 Rec8 26. Rxc3 a4 27. Bd2 Rd8 28. Be1 Rbc8 29. Ra1 Rd4 30. Rac1 Rb8 31. Bf3 a3 32. Rc8+ Rd8 33. Bg4 a2 34. Rxb8 Rxb8 35. Bc3 Bd5 36. Ra1 Rb3 37. Bd4 Rb4 38. Bc3 Rb3 1/2-1/2

[Event "Escobar op g75' 2nd"]
[Site "Escobar"]
[Date "2004.02.??"]
[Round "6.6"]
[White "Perez, Mario Abel"]
[Black "Lujan, Carolina"]
[Result "1/2-1/2"]
[WhiteElo "1947"]
[BlackElo "2263"]
[PlyCount "125"]
[EventDate "2004.02.06"]
[EventType "swiss (rapid)"]
[EventRounds "7"]
[EventCountry "ARG"]
[SourceTitle "CBM 098 Extra"]
[Source "ChessBase"]
[SourceDate "2004.03.10"]
[SourceVersion "2"]
[SourceVersionDate "2004.03.10"]
[SourceQuality "1"]

1. d4 d5 2. c4 dxc4 3. e3 Nf6 4. Bxc4 e6 5. Nc3 a6 6. Bd3 c5 7. dxc5 Bxc5 8. Nf3 Nbd7 9. b3 Bb4 10. Qc2 Nc5 11. Be2 Nce4 12. Bb2 Bd7 13. Nd2 Nxc3 14. Bxc3 Qc7 15. Nc4 Bxc3+ 16. Qxc3 b5 17. Qe5 Rc8 18. Nd6+ Kf8 19. 0-0 Ne8 20. Rfd1 Nxd6 21. Qxd6+ Qxd6 22. Rxd6 Ke7 23. Rxa6 Rc2 24. Bf3 Rhc8 25. h3 Rd2 26. a4 Rcc2 27. a5 b4 28. Rb6 Rxf2 29. a6 Ra2 30. Rxa2 Rxa2 31. Bb7 Kd8 32. Rxb4 Kc7 33. Rc4+ Kb6 34. Rh4 h6 35. Rg4 g5 36. h4 gxh4 37. Rxh4 Bb5 38. Rf4 Bxa6 39. Bxa6 Rxa6 40. Rxf7 Kc5 41. Rf6 Kd5 42. Rxh6 Ke4 43. Kf2 Ra2+ 44. Kf1 e5 45. Rh3 Rb2 46. b4 Rb1+ 47. Kf2 Rb2+ 48. Kg1 Kd3 49. g4 Rxb4 50. Rg3 Ke4 51. g5 Kf5 52. g6 Rb8 53. Kf2 Rb2+ 54. Kg1 Rb8 55. g7 Rg8 56. Kf2 Kf6 57. Kf3 Rxg7 58. Rxg7 Kxg7 59. Ke4 Kf6 60. Kd5 Kf5 61. Kd6 Ke4 62. Ke6 Kxe3 63. Kxe5 1/2-1/2

[Event "Villa Ballester op 54th"]
[Site "Villa Ballester"]
[Date "2004.01.17"]
[Round "8"]
[White "Perez, Mario Abel"]
[Black "Lo Presti, Roberto"]
[Result "1-0"]
[WhiteElo "1875"]
[BlackElo "2049"]
[PlyCount "145"]
[EventDate "2004.01.07"]
[EventType "swiss"]
[EventRounds "9"]
[EventCountry "ARG"]
[SourceTitle "CBM 098 Extra"]
[Source "ChessBase"]
[SourceDate "2004.03.10"]
[SourceVersion "2"]
[SourceVersionDate "2004.03.10"]
[SourceQuality "1"]

1. d4 Nf6 2. c4 e6 3. Nc3 Bb4 4. e3 0-0 5. Bd3 d5 6. Nf3 c5 7. a3 Bxc3+ 8. bxc3 Nc6 9. cxd5 exd5 10. h3 Re8 11. 0-0 Be6 12. Rb1 c4 13. Bc2 Qc8 14. Kh2 Qc7+ 15. Kh1 Ne4 16. Bb2 Qd7 17. Kh2 b6 18. Ba4 Qc7+ 19. Kg1 Bd7 20. Nd2 Nxd2 21. Qxd2 Bf5 22. Rbc1 Bd3 23. Rfe1 Re6 24. Bc2 Bxc2 25. Qxc2 Rae8 26. Re2 g6 27. Rce1 f5 28. f3 Qe7 29. Bc1 Na5 30. e4 fxe4 31. fxe4 Rxe4 32. Rxe4 dxe4 33. Bf4 Nc6 34. Qa4 Qe6 35. Qb5 Rd8 36. Bg5 Qd5 37. a4 a6 38. Qxb6 Qxg5 39. Qxc6 e3 40. Qe6+ Kg7 41. Rxe3 Rd5 42. Qe7+ Qxe7 43. Rxe7+ Kf6 44. Rc7 Kf5 45. Kf2 Ke4 46. Ke2 h5 47. Rxc4 Rg5 48. Kf2 Ra5 49. Ke2 h4 50. d5+ Kxd5 51. Rxh4 Ke5 52. Kd3 Rc5 53. Rg4 Kf5 54. Rb4 Rd5+ 55. Rd4 Ra5 56. Kc2 Re5 57. Kb3 Re2 58. Rg4 a5 59. Kc4 Rb2 60. Kc5 Rb3 61. c4 Rb4 62. Kd6 Rxa4 63. c5 Ra2 64. c6 Rd2+ 65. Ke7 Re2+ 66. Kd8 Rd2+ 67. Kc8 Rc2 68. c7 g5 69. Kd7 Rd2+ 70. Kc6 Rc2+ 71. Kb6 Rc3 72. Ra4 Rb3+ 73. Kc5 1-0

[Event "Villa Ballester op 54th"]
[Site "Villa Ballester"]
[Date "2004.01.10"]
[Round "3"]
[White "Perez, Mario Abel"]
[Black "Belmonte, Diego Mariano"]
[Result "0-1"]
[WhiteElo "1875"]
[BlackElo "2133"]
[PlyCount "90"]
[EventDate "2004.01.07"]
[EventType "swiss"]
[EventRounds "9"]
[EventCountry "ARG"]
[SourceTitle "CBM 098 Extra"]
[Source "ChessBase"]
[SourceDate "2004.03.10"]
[SourceVersion "2"]
[SourceVersionDate "2004.03.10"]
[SourceQuality "1"]

1. d4 Nf6 2. c4 g6 3. Nc3 Bg7 4. e4 d6 5. Be2 0-0 6. Nf3 e5 7. d5 Nbd7 8. Be3 Ng4 9. Bg5 f6 10. Bd2 Nh6 11. 0-0 a5 12. Be1 Nc5 13. Nd2 f5 14. f3 f4 15. Bf2 g5 16. b3 Rf6 17. a3 Rg6 18. h3 Nf7 19. Rb1 h5 20. b4 Nd7 21. c5 axb4 22. axb4 Nf6 23. Nc4 g4 24. hxg4 hxg4 25. cxd6 g3 26. Bc5 cxd6 27. Bb6 Qe7 28. Re1 Nd7 29. Kf1 Qh4 30. Bg1 Qh1 31. Bd3 Rh6 32. Qc2 Rh2 33. Ra1 Rb8 34. Nb5 Nf6 35. Ncxd6 Bh3 36. Re2 Ng5 37. gxh3 Nxf3 38. Rg2 Nh5 39. Ra2 Nxg1 40. Rxh2 gxh2 41. Qc7 Nf3+ 42. Kf2 Qe1+ 43. Kxf3 h1Q+ 44. Kg4 Qxh3+ 45. Kg5 Qeg3# 0-1